Quiz The 100 - Statistiques

Statistiques générales
  • Ce quiz a été pris 129 fois
  • Le résultat moyen est 10 sur 15
Statistiques - réponses
Question Réponse % Correct
Qui est le personnages principal de la série ? Clarke Griffin
98%
Comment Raven a-t-elle remarqué que Clarke et Finn avait une relation ? Quand elle a aperçu le collier de Clarke.
97%
Qui incarne Bellamy dans la série ? Bob Morley
89%
Qu'est-ce que Bellamy a fait pour venir sur Terre avec sa soeur Octavia ? il a tiré sur le chancelier Jaha
84%
Pour qui Wells est allé sur Terre ? Clarke
83%
Qui a tué Wells ? Charlotte
73%
Quels sont les derniers mots de Finn ? Thank you, princess
73%
Quelle est la phrase que répètent souvent les Sky Peoples ? May we meet again
67%
Dans la saison 3, qui est la marchande avec qui Clarke Griffin couche ? Niylah
60%
Pourquoi Indra, a-t-elle pris Octavia comme second ? Car elle a une volonté de fer.
57%
Pourquoi Octavia en veut-elle à Bellamy ? Car il a tué des Grounders
57%
Combien de personnes sont envoyées sur terre ? 101
52%
Qui est actuellement Roan ? Le Roi de la Ice Nation
51%
Qui a tué Atom ? Clarke
43%
Sur l'Arche, Clarke était prisonnière. quel était le chiffre de sa cellule ? 319
41%
Aucun quiz correspondant
Distribution des résultats
% des personnes avec chaque résultat
Percentile par nombre de réponses
Votre historique - résultats
Vous n’avez pas pris ce quiz